| 000 | 01189nam a22002777a 4500 | ||
|---|---|---|---|
| 003 | MX-MxUPN | ||
| 005 | 20240806064240.0 | ||
| 008 | 240617s2014 mx|a|||fr|||| 000 0 spa d | ||
| 020 | _a9786079348717 | ||
| 040 |
_aMX-MxUPN _bspa |
||
| 041 | 0 | _aspa | |
| 050 | 4 |
_aHM881 _bC58 2014 |
|
| 245 | 0 | 0 |
_aCiudadanía fragmentada : _bla sociabilidad política entre la resistencia y la desafección |
| 260 |
_aTlaxcala, Tlax. : _bUniversidad Autónoma de Tlaxcala, Centro de Investigaciones Interdisciplinarias sobre Desarrollo Regional , _c2014. |
||
| 300 |
_a245 páginas : _bgráficas |
||
| 650 | 2 |
_aMovimientos sociales _zMéxico _xHistoria _ySiglo XX _92257 |
|
| 650 | 4 |
_952843 _aMovimientos sociales _zMéxico _xHistoria _ySiglo XXI |
|
| 651 | 4 |
_94442 _aMéxico _xPolítica y gobierno _ySiglo XX |
|
| 651 | 2 |
_910456 _aMéxico _xPolítica y gobierno _ySiglo XXI |
|
| 700 | 1 |
_952835 _aMora Heredia, Juan _ecoordinación |
|
| 700 | 1 |
_952837 _aAlejandre Ramos, Gonzalo _ecoordinación |
|
| 700 | 1 |
_952839 _aBustamante López, Carlos _ecoordinación |
|
| 700 | 1 |
_952840 _aEscobar Cruz, Claudio _ecoordinación |
|
| 902 |
_aMarielOrtiz/170624 _bVíctorGodínez/050824 |
||
| 942 |
_2lcc _cLIBRO |
||
| 999 |
_c211344 _d211344 |
||